000 01274cam a2200289 a 4500
001 6461
003 BD-RjUL
005 20211208234240.0
008 14 r19731963fr a 001 0 eng d
020 _a0201009005
035 _a(BD-RjUL)6502
040 _aBD-RjUL
_beng
_cBD-RjUL
_dBD-RjUL
041 1 _aeng
_hfre
082 0 4 _216
_a515.9
_bCAE 1973
100 1 _aCartan, Henri,
_d1904-2008.
_920338
245 1 0 _aElementary theory of analytic functions of one or several complex variables /
_cHenri Cartan.
260 _aParis ;
_bHermann ;
_aLondon :
_bAddison-Wesley,
_c1963 [printing 1973].
300 _a227 p. :
_bill. ;
_c23 cm.
490 1 _aAddison-Wesley international series in mathematics
490 0 _aCollection Enseignement des sciences Hermann
500 _a"The substance, with some additions, of a course of lectures given at the Faculty of Science in Paris for the requirements of the licence d'enseignement during the academic sessions 1957-1958, 1958-1959 and 1959-1960." - preface.
504 _aIncludes index.
650 0 _aAnalytic functions.
_920339
830 0 _aAddison-Wesley international series in mathematics
_920361
942 _2ddc
_cBK
999 _c6461
_d6461